| 000 | 00418nam a2200193Ia 4500 | ||
|---|---|---|---|
| 005 | 20251020182617.0 | ||
| 008 | 200515s9999 xx 000 0 und d | ||
| 082 | _aSC/694/I54/1993 | ||
| 110 | _aIninvi | ||
| 245 | 0 | _aDiseño y Construcción con madera | |
| 260 | _aLima | ||
| 260 | _cs.a. | ||
| 300 | _a103 | ||
| 650 | _aE-102 | ||
| 650 | _aMADERA | ||
| 650 | _aNORMAS | ||
| 650 | _aPUB ININVI | ||
| 942 | _cLIB | ||
| 999 |
_c3535 _d3535 |
||